000 00277nam a22001217a 4500
008 170627b xxu||||| |||| 00| 0 eng d
041 _aeng
080 _a82
100 _a21
101 _aGJL
245 _aTHE NORTON ANTHOLOGY OF WORLD MASTERPIECES
_cMACK,M
942 _2udc
_cBK
999 _c19275
_d19275